Teaching faster reading: a manual

Gespeichert in:
Bibliographische Detailangaben
1. Verfasser: Fry, Edward (VerfasserIn)
Format: Buch
Sprache:Englisch
Veröffentlicht: Nueva York Cambridge University Press 1963
Schlagworte:
Tags: Tag hinzufügen
Keine Tags, Fügen Sie den ersten Tag hinzu!

MARC

LEADER 00000nam a2200000 a 4500
001 UCQ2081
003 CL-VaPUC
008 980721e19630000US |||||||||||||||||eng|d
082 0 4 |a 372.43  |b FRY  |2 21 
100 0 |a Fry, Edward  |e author  |9 415968 
245 1 0 |a Teaching faster reading: a manual 
300 |a 142 p 
942 |c BK 
945 |d 19980721 00:00:00  |a crobeson 
260 |a Nueva York  |b Cambridge University Press  |c 1963 
650 0 |a Lectura veloz  |9 310853 
650 7 |a LECTURA ORAL  |2 CL-VaPUC  |9 308126 
650 0 |a Enseñanza de la lectura  |9 308364 
650 0 |a Aprendizaje   |9 254827 
650 0 |a Métodos de enseñanza  |9 270413 
583 |a last modification  |c 19980721 00:00:00  |k Rodrigo Vera 
999 |c 272923  |d 272921 
952 |0 0  |1 0  |4 0  |6 372_430000000000000_FRY_1963  |7 0  |8 A  |9 308146  |a BIBEDU  |b BIBEDU  |d 2019-11-20  |i 1435825  |o 372.43 FRY 1963  |p 1435825  |r 2019-11-20  |w 2019-11-20  |y BK  |k LIT